| 000 | 01166cam a2200325 4500 | ||
|---|---|---|---|
| 008 | 021011n2002 000 0 eng u | ||
| 020 | _a1860815715 | ||
| 035 | _a(Sirsi) u120077 | ||
| 041 | _aeng. | ||
| 050 | _a333.73 | ||
| 100 | _aCharles, J. | ||
| 110 | _aBuilding Research Establishment | ||
| 245 | _aBrownfield sites: ground-related risks for buildings | ||
| 260 |
_aLondon _bCRC Ltd _c2002 |
||
| 300 |
_avi, 45p. _c31cm. |
||
| 350 | _a35 | ||
| 490 |
_aBRE Report _vBR447 |
||
| 520 | _aDeals with those aspects of risk management for building developments on brownfield sites that involve ground-related hazards for the built environment. Emphasises that over-sensitivity to risk will defeat the objective of locating building developments on brownfield sites. | ||
| 650 | _aBROWNFIELD LAND | ||
| 650 | _aGROUND PROBLEMS | ||
| 650 | _aDEVELOPMENT | ||
| 650 | _aRISK MANAGEMENT | ||
| 690 | _aBUILT ENVIRONMENT-SUSTAINABLE CONSTRUCTION | ||
| 700 | _aChown, R. | ||
| 700 | _aWatts, K. | ||
| 700 | _aFordyce, G. | ||
| 710 | _aNational House Building Council | ||
| 710 |
_aUnited Kingdom _bDepartment of Trade and Industry |
||
| 942 | _n0 | ||
| 999 |
_c102467 _d102467 |
||